| Tag |
First Indicator |
Second Indicator |
Subfields |
| LEADER |
00000cam a2200000 i 4500 |
| 001 |
in00004148613 |
| 005 |
20201020070404.0 |
| 008 |
191202t20202020ilu b 001 0 eng |
| 010 |
|
|
|a 2019053792
|
| 020 |
|
|
|a 9789004390300
|q (hardcover :
|q acid-free paper)
|
| 020 |
|
|
|a 9004390308
|
| 020 |
|
|
|z 9789004390317
|q (ebook)
|
| 035 |
|
|
|a (OCoLC)on1140372131
|
| 040 |
|
|
|a DLC
|e rda
|c DLC
|d TXA
|d UtOrBLW
|
| 043 |
|
|
|a e-uk---
|a n-cn---
|a n-us---
|
| 049 |
|
|
|a TXAM
|
| 050 |
0 |
0 |
|a PR888.W6
|b B47 2020
|
| 082 |
0 |
0 |
|a 823/.92093522
|2 23
|
| 100 |
1 |
|
|a Bertrand, Ingrid,
|e author.
|0 http://id.loc.gov/authorities/names/n2019069738
|
| 245 |
1 |
0 |
|a Biblical women in contemporary novels in English /
|c by Ingrid Bertrand.
|
| 264 |
|
1 |
|a Leiden ;
|a Boston :
|b Brill/Rodopi,
|c [2020]
|
| 264 |
|
4 |
|c ©2020
|
| 300 |
|
|
|a x, 401 pages ;
|c 25 cm.
|
| 336 |
|
|
|a text
|b txt
|2 rdacontent
|
| 337 |
|
|
|a unmediated
|b n
|2 rdamedia
|
| 338 |
|
|
|a volume
|b nc
|2 rdacarrier
|
| 490 |
1 |
|
|a Costerus new series ;
|v volume 226
|
| 504 |
|
|
|a Includes bibliographical references (pages [371]-389) and indexes.
|
| 505 |
1 |
|
|a Introduction. Setting the Frame. Voices and Silences -- Part 1. The Silenced Feminine? -- Part 2. Voices draped in silences -- Part 3. Closing Silences Voicing Openness.
|
| 520 |
|
|
|a How are well-known female characters from the Bible represented in late 20th-century novels? In Biblical Women in Contemporary Novels in English, Ingrid Bertrand presents a detailed analysis of biblical rewritings by Roberts, Atwood, Tennant, Diamant and Diski focusing on six different women (Eve, Noah's wife, Sarah, Bilhah, Dinah and Mary Magdalene). She shows how these heroines give themselves a voice that rests not only on words but also on silences. Exploring the many forms that silence can take, she presents an innovative typology that sheds new light on this profoundly meaningful phenomenon.
|
| 650 |
|
0 |
|a English fiction
|y 20th century
|x History and criticism.
|0 http://id.loc.gov/authorities/subjects/sh2008103094
|
| 650 |
|
0 |
|a Women in literature.
|0 http://id.loc.gov/authorities/subjects/sh85147587
|
| 650 |
|
0 |
|a Women in the Bible.
|0 http://id.loc.gov/authorities/subjects/sh85147609
|
| 650 |
|
0 |
|a American fiction
|y 20th century
|x History and criticism.
|0 http://id.loc.gov/authorities/subjects/sh2007100687
|
| 650 |
|
0 |
|a Canadian fiction
|y 20th century
|x History and criticism.
|0 http://id.loc.gov/authorities/subjects/sh2008100039
|
| 650 |
|
0 |
|a Fiction
|x Women authors
|x History and criticism.
|0 http://id.loc.gov/authorities/subjects/sh2009124202
|
| 650 |
|
0 |
|a Silence in literature.
|0 http://id.loc.gov/authorities/subjects/sh85122469
|
| 830 |
|
0 |
|a Costerus ;
|v volume 226.
|0 http://id.loc.gov/authorities/names/n42008374
|
| 948 |
|
|
|a cataloged
|b h
|c 2020/6/24
|d c
|e dmitchel
|f 1:20:10 pm
|
| 994 |
|
|
|a C0
|b TXA
|
| 999 |
f |
f |
|s d3d2c657-bdf8-305e-ba3e-ca059cf49f64
|i a6222e7e-c17f-32e8-8a29-bb82a3874138
|t 0
|
| 952 |
f |
f |
|p normal
|a Texas A&M University
|b College Station
|c Sterling C. Evans Library
|d Evans: Library Stacks
|t 0
|e PR888.W6 B47 2020
|h Library of Congress classification
|i unmediated -- volume
|m A14851520099
|
| 998 |
f |
f |
|a PR888.W6 B47 2020
|t 0
|l Evans: Library Stacks
|